Neethling's Law of Personality / (Record no. 415)

MARC details
000 -LEADER
fixed length control field 00586nam a22001817a 4500
005 - DATE AND TIME OF INPUT
control field 20231108100934.0
008 - DATA ELEMENTS--GENERAL INFORMATION
fixed length control field 231108b |||||||| |||| 00| 0 eng d
020 ## - INTERNATIONAL STANDARD BOOK NUMBER
International Standard Book Number 9780409061307
041 ## - LANGUAGE CODE
Language code of text English
082 ## - SHELF NUMBER
DDC number 346.3 NEE
100 ## - MAIN AUTHOR
Main author's name Neethling, J ; Potgieter, JM and Visser, PJ
Language of a work English
245 ## - TITLE STATEMENT
Title Neethling's Law of Personality /
Statement of responsibility, etc. J Neethling, JM Potgieter and PJ Visser
250 ## - EDITION STATEMENT
Edition statement Second Edition
260 ## - PUBLICATION, DISTRIBUTION, ETC.
Place of publication, distribution, etc. Durban :
Name of publisher, distributor, etc. LexisNexis,
Date of publication, distribution, etc. 2005
300 ## - PHYSICAL DESCRIPTION
Other physical details xi, 336 pages ;
Dimensions 25 cm.
650 ## - SUBJECT`
Broad subject Legal practice
Own subject terms Law
942 ## - ADDED ENTRY ELEMENTS (KOHA)
Item type Books
942 ## - ADDED ENTRY ELEMENTS (KOHA)
-- ALISON_BN_VRIES
Holdings
Source of classification or shelving scheme Not for loan Collection code Home library Current library Shelving location Date acquired Full call number Barcode Price effective from Koha item type
Dewey Decimal Classification   TEXT BOOKS LAW SOCIETY OF NAMIBIA LIBRARY - WINDHOEK LAW SOCIETY OF NAMIBIA LIBRARY - WINDHOEK Damage law 11/08/2023 346.3 NEE LSN/2007/28 11/08/2023 Books
Dewey Decimal Classification   TEXT BOOKS LAW SOCIETY OF NAMIBIA LIBRARY - WINDHOEK LAW SOCIETY OF NAMIBIA LIBRARY - WINDHOEK Damage law 09/11/2024 346.3 NEE LSN/2024/40 09/11/2024 Books